000 00578nam a2200205 a 4500
001 192529
003 ES-MaACL
005 20230906224217.0
008 230127s1968 fr 000 | fre
020 _a2-07-036698-7
080 _a821.133.1-31"19"
100 1 _aModiano, Patrick.
_981749
245 1 3 _aLa place de l'étoile /
_cPatrick Modiano.
260 _aParis :
_bGallimard,
_c1968.
300 _a214 p. ;
_c18cm.
490 1 _aFolio ;
_v698
830 1 _aFolio ;
_v698
_9178839
852 4 _aES-MaACL
_jVAL-254
_z- Legado Asunción Valero
999 _c192529
_d192529